Eastern Utah Libraries Catalog: Duchesne, Heber, Roosevelt, & Vernal

Why don't fish have eyelashes? : (Record no. 358667)

MARC details
000 -LEADER
fixed length control field 01761cam a22004338i 4500
001 - CONTROL NUMBER
control field 21658555
005 - DATE AND TIME OF LATEST TRANSACTION
control field 20210217134616.0
008 - FIXED-LENGTH DATA ELEMENTS--GENERAL INFORMATION
fixed length control field 200808s2021 mnu j b 001 0 eng
010 ## - LIBRARY OF CONGRESS CONTROL NUMBER
LC control number 2020036380
020 ## - INTERNATIONAL STANDARD BOOK NUMBER
International Standard Book Number 9781977131713
Qualifying information (hardcover)
020 ## - INTERNATIONAL STANDARD BOOK NUMBER
International Standard Book Number 9781977132789
Qualifying information (paperback)
020 ## - INTERNATIONAL STANDARD BOOK NUMBER
Cancelled/invalid ISBN 9781977155382
Qualifying information (pdf)
020 ## - INTERNATIONAL STANDARD BOOK NUMBER
Cancelled/invalid ISBN 9781977157003
Qualifying information (kindle edition)
040 ## - CATALOGING SOURCE
Original cataloging agency DLC
Language of cataloging eng
Description conventions rda
Transcribing agency DLC
Modifying agency DLC
042 ## - AUTHENTICATION CODE
Authentication code pcc
050 00 - LIBRARY OF CONGRESS CALL NUMBER
Classification number QL617.2
Item number .D53 2021
082 00 - DEWEY DECIMAL CLASSIFICATION NUMBER
Classification number 597
Edition number 23
092 ## - LOCALLY ASSIGNED DEWEY CALL NUMBER (OCLC)
Classification number E Ocean Dic
100 1# - MAIN ENTRY--PERSONAL NAME
Personal name Dickmann, Nancy,
Relator term author.
9 (RLIN) 5903118
245 10 - TITLE STATEMENT
Title Why don't fish have eyelashes? :
Remainder of title answering kids' questions /
Statement of responsibility, etc by Nancy Dickmann.
263 ## - PROJECTED PUBLICATION DATE
Projected publication date 2112
264 #1 - Production, Publication, Distribution, Manufacture, and Copyright Notice.
Place of production, publication, distribution, manufacture North Mankato, Minnesota :
Name of producer, publisher, distributor, manufacturer Pebble,
Date of production, publication, distribution, manufacture, or copyr [2021]
300 ## - PHYSICAL DESCRIPTION
Extent 24 pages
336 ## - Content Type
Content type term text
337 ## - Media type
Media type term unmediated
338 ## - Carrier type
Carrier type term volume
490 0# - SERIES STATEMENT
Series statement Questions and answers about animals
504 ## - BIBLIOGRAPHY, ETC. NOTE
Bibliography, etc Includes bibliographical references and index.
520 ## - SUMMARY, ETC.
Summary, etc "You have eyelashes. Your dog has eyelashes. But fish don't! Why? You have questions, and this book has the answers. Find out about fish, including their body parts and behavior"--
521 ## - TARGET AUDIENCE NOTE
Target audience note Ages 6-8
Source Pebble
521 ## - TARGET AUDIENCE NOTE
Target audience note Grades 2-3
Source Pebble
650 #0 - SUBJECT ADDED ENTRY--TOPICAL TERM
Topical term or geographic name as entry element Fishes
General subdivision Miscellanea
Form subdivision Juvenile literature.
9 (RLIN) 6406000
650 #0 - SUBJECT ADDED ENTRY--TOPICAL TERM
Topical term or geographic name as entry element Fishes
General subdivision Anatomy
Form subdivision Juvenile literature.
9 (RLIN) 6406001
650 #0 - SUBJECT ADDED ENTRY--TOPICAL TERM
Topical term or geographic name as entry element Fishes
General subdivision Behavior
Form subdivision Juvenile literature.
9 (RLIN) 5738283
776 08 - ADDITIONAL PHYSICAL FORM ENTRY
Display text Online version :
Main entry heading Dickmann, Nancy,
Title Why don't fish have eyelashes?
Place, publisher, and date of publication North Mankato : Pebble, 2021.
International Standard Book Number 9781977155382
Record control number (DLC) 2020036381
906 ## - LOCAL DATA ELEMENT F, LDF (RLIN)
a 7
b rip
c orignew
d 1
e ecip
f 20
g y-gencatlg
942 ## - ADDED ENTRY ELEMENTS (KOHA)
Source of classification or shelving scheme Dewey Decimal Classification
Koha item type BOOK
Holdings
Withdrawn status Lost status Source of classification or shelving scheme Damaged status Not for loan Collection code Home library Current library Shelving location Date acquired Source of acquisition Total Checkouts Total Renewals Full call number Barcode Date last seen Date checked out Cost, replacement price Price effective from Koha item type
    Dewey Decimal Classification     Children NonFiction Wasatch County Library Wasatch County Library Main Floor Childrens Area 02/17/2021 Penworthy 14 10 E Animals Ocean Dickmann 34301001711565 01/27/2026 01/10/2026 20.99 02/17/2021 BOOK
This project was made possible through a grant from the Institute of Museum and Library Service administered by the Utah State Library Division.

Wasatch County Library

  • 465 East 1200 South, Heber City, Utah 84032
  • Phone 435-654-1511 | Fax 435-654-6456

Hours

  • Monday - Friday 9:30 AM - 8:00 PM
  • Saturday 9:30 AM - 1:30 PM
  • Closed Sundays and Holidays